00738cam a22002297a 450000100090000000300040000900500170001300800410003001000170007102000250008803500240011304000590013704200140019605000240021010000290023424500780026324600250034126000490036630000280041550000400044370000250048316482170OSt20170105113101.0100929s2008 nyua 000 d eng d a 2010283045 a9780822221883 (pbk.) a(OCoLC)ocn231631211 aOKUcOKUdIMFdYDXCPdBAKERdBTCTAdCDXdWAUdCPEdDLC alccopycat00aMLCS 2011/40415 (P)1 aHatcher, Jeffrey,d1957-10aMitch Albom's Tuesdays with Morrie /cby Jeffrey Hatcher and Mitch Albom.30aTuesdays with Morrie aNew York :bDramatists Play Service,cc2008. a43 p. :bill. ;c20 cm. a"Based on the book by Mitch Albom."1 aAlbom, Mitch,d1958-